Medzinárodná migrácia a vonkajšia ochrana hraníc Európskej únie

Problematika ochrany vonkajších hraníc EÚ v súvislosti s prenikaním nelegálnych migrantov na teritórium Európy. Autor upozorňuje na potrebu vytvorenia komplexnejšieho prístupu k tejto problematike zo strany EÚ a jednotlivých členských štátov. Výsledkom tohto úsilia bolo vytvorenie Európskej agentúry...

Descrizione completa

Salvato in:
Dettagli Bibliografici
Autore principale: Liďák, Ján
Natura: Capitolo di libro
Lingua:slovacco
Soggetti:
Tags: Aggiungi Tag
Nessun Tag, puoi essere il primo ad aggiungerne!!

MARC

LEADER 00000nla a2200000 4500
001 0183950
005 20240502073142.7
041 0 |a slo 
044 |a SK 
245 1 0 |a Medzinárodná migrácia a vonkajšia ochrana hraníc Európskej únie  |c Ján Liďák 
520 |a Problematika ochrany vonkajších hraníc EÚ v súvislosti s prenikaním nelegálnych migrantov na teritórium Európy. Autor upozorňuje na potrebu vytvorenia komplexnejšieho prístupu k tejto problematike zo strany EÚ a jednotlivých členských štátov. Výsledkom tohto úsilia bolo vytvorenie Európskej agentúry pre riadenie operačnej spolupráce na vonkajších hraniciach členských štátov EÚ - FRONTEX v roku 2005. Následne je analyzovaná štruktúra, pôsobenie a obsah aktivít tejto inštitúcie, tiež kritika jej pôsobenia zo strany mimovládnych organizácii. 
610 2 0 |a migrácia nelegálna 
610 2 0 |a Európska únia 
610 2 0 |a hranice štátne 
610 2 0 |a bezpečnosť medzinárodná 
610 2 0 |a azyl 
100 1 |a Liďák, Ján